Python for everyone: An Indian adaptation (Record no. 386633)

MARC details
000 -LEADER
fixed length control field 00554 a2200205 4500
005 - DATE & TIME
control field 20250328103652.0
008 - FIXED-LENGTH DATA ELEMENTS--GENERAL INFORMATION
fixed length control field 250327b |||||||| |||| 00| 0 eng d
020 ## - ISBN
International Standard Book Number 9789357465304
Price Rs. 899.00
040 ## - CATALOGING SOURCE
Original cataloging agency VIVEKANANDA LIBRARY
082 ## - DDC NUMBER
Classification number 006.31
Book Number H788P(3)
100 ## - MAIN ENTRY--PERSONAL NAME
Personal name Horstmann, Cay
245 ## - TITLE STATEMENT
Title Python for everyone: An Indian adaptation
250 ## - EDITION STATEMENT
Edition statement 3rd
260 ## - PUBLICATION, DISTRIBUTION, ETC. (IMPRINT)
Name of publisher, distributor, etc Wiley India
Place of publication, distribution, etc New Delhi
Date of publication, distribution, etc 2024
300 ## - PHYSICAL DESCRIPTION
Pages xxii, 646
650 ## - Subject
Subject Computer Science
650 ## - Subject
Subject Python-Computer Programming Language
700 ## - Added Entry Personal Name
Relationship Necaise, Rance
942 ## - ADDED ENTRY ELEMENTS (KOHA)
Koha item type Books
Holdings
Withdrawn status Lost status Source of classification or shelving scheme Damaged status Not for loan Location (home branch) Sublocation or collection (holding branch) Shelving location Date acquired Koha issues (times borrowed) Koha full call number Accession No. Koha date last seen Koha item type
    Dewey Decimal Classification     VIVEKANANDA LIBRARY VIVEKANANDA LIBRARY UIET Library 18/02/2025 8 006.31 H788P(3) 430864 09/04/2026 Books
© Designed and Maintained by Vivekananda Library, MDU Rohtak